Nemesio Antúnez 100 años. Cuaderno pedagógico.
Guardado en:
| Autor Corporativo: | |
|---|---|
| Formato: | Libro |
| Publicado: |
Santiago, Chile:
Ministerio de las Culturas, las Artes y el Patrimonio,
2019.
|
| Edición: | 2ª edición revisada. |
| Colección: | Colección Educación Artística.
|
| Materias: | |
| Acceso en línea: | Disponible Online - Ministerio de las Culturas |
| Etiquetas: |
Agregar Etiqueta
Sin Etiquetas, Sea el primero en etiquetar este registro!
|
MARC
| LEADER | 00000cam a2200000 a 4500 | ||
|---|---|---|---|
| 001 | UCC7544 | ||
| 003 | CL-VaPUC | ||
| 005 | 20220922105330.0 | ||
| 008 | 220913t2019 ||||| |||| 00| 0 eng d | ||
| 999 | |c 438697 |d 438695 | ||
| 020 | |a 978-956-352-296-9 (papel) | ||
| 020 | |a 978-956-352-297-6 (pdf) | ||
| 040 | |c Pontificia Universidad Católica de Valparaíso | ||
| 082 | 0 | 4 | |a 759.983 MIN 2019 |2 21 |
| 110 | 2 | |a Ministerio de las Culturas, las Artes y el Patrimonio |e autor |9 602180 | |
| 245 | 1 | 0 | |a Nemesio Antúnez 100 años. |b Cuaderno pedagógico. |
| 250 | |a 2ª edición revisada. | ||
| 260 | |a Santiago, Chile: |b Ministerio de las Culturas, las Artes y el Patrimonio, |c 2019. | ||
| 300 | |a 203 páginas. | ||
| 490 | |a Colección Educación Artística. | ||
| 500 | |a c.1-c.2. Donación Biblioteca Arquitectura. Memo ARQ 11/2022. 05/09/2022. | ||
| 583 | |a last modification |c 20190502 09:54:50 |k Catalogador Asistente | ||
| 600 | 0 | |a Antúnez, Nemesio, |d 1918-1993 |9 492663 |x Arquitecto, pintor y grabador |x Vida y obras |z Chile | |
| 650 | 0 | |a Pintores chilenos |9 345328 |x Enseñanza escolar |y Siglo XX |z Chile | |
| 650 | 0 | |a Apreciación del arte |9 482154 |x Enseñanza |z Chile | |
| 650 | 0 | |a Artes visuales |9 336870 |x Enseñanza |x Propuestas pedagógica |z Chile | |
| 856 | |u https://www.cultura.gob.cl/wp-content/uploads/2019/01/cuaderno-pedagogiconemesioantunez.pdf |y Disponible Online - Ministerio de las Culturas | ||
| 942 | |c BK |2 ddc | ||
| 952 | |0 0 |1 0 |2 ddc |4 0 |6 759_983000000000000_MIN_2019 |7 0 |8 A |9 586712 |a BIBARQ |b BIBARQ |c GEN |d 2022-09-13 |e Donación |i 5654663 |o 759.983 MIN 2019 |p 5654663 |r 2025-01-20 |t 1 |w 2022-09-13 |y BK |k ARQ | ||
| 952 | |0 0 |1 0 |2 ddc |4 0 |6 759_983000000000000_MIN_2019 |7 0 |8 A |9 586713 |a BIBARQ |b BIBARQ |c GEN |d 2022-09-13 |e Donación |i 5654664 |o 759.983 MIN 2019 |p 5654664 |r 2025-01-20 |t 2 |w 2022-09-13 |y BK |k ARQ | ||